<?xml version="1.0" encoding="UTF-8"?>
<record
    xmlns:xsi="http://www.w3.org/2001/XMLSchema-instance"
    xsi:schemaLocation="http://www.loc.gov/MARC21/slim http://www.loc.gov/standards/marcxml/schema/MARC21slim.xsd"
    xmlns="http://www.loc.gov/MARC21/slim">

  <leader>03031nam#a2200265   4500</leader>
  <controlfield tag="001">9781456225308</controlfield>
  <controlfield tag="003">VST</controlfield>
  <controlfield tag="005">20250425090630.0</controlfield>
  <controlfield tag="006">m     o  d        </controlfield>
  <controlfield tag="007">cr#un#---uucau</controlfield>
  <controlfield tag="008">140505s2014    MEX                 eng d</controlfield>
  <datafield tag="020" ind1=" " ind2=" ">
    <subfield code="a">9781456225308</subfield>
  </datafield>
  <datafield tag="040" ind1=" " ind2=" ">
    <subfield code="a">VST</subfield>
    <subfield code="c">VST</subfield>
    <subfield code="d">VST</subfield>
  </datafield>
  <datafield tag="100" ind1="1" ind2=" ">
    <subfield code="a">Flory Anette Dieck Assad</subfield>
    <subfield code="e">author</subfield>
  </datafield>
  <datafield tag="245" ind1="1" ind2="0">
    <subfield code="a">Instituciones financieras. Estructura y regulaci&#xF3;n, 2nd Edition</subfield>
  </datafield>
  <datafield tag="250" ind1=" " ind2=" ">
    <subfield code="a">second edition</subfield>
  </datafield>
  <datafield tag="260" ind1=" " ind2=" ">
    <subfield code="a">Mexico :</subfield>
  </datafield>
  <datafield tag="264" ind1=" " ind2="1">
    <subfield code="a">Mexico :</subfield>
    <subfield code="b">McGraw-Hill Interamericana,</subfield>
    <subfield code="c">2014</subfield>
  </datafield>
  <datafield tag="300" ind1=" " ind2=" ">
    <subfield code="a">1 online resource</subfield>
  </datafield>
  <datafield tag="336" ind1=" " ind2=" ">
    <subfield code="a">text</subfield>
    <subfield code="b">txt</subfield>
    <subfield code="2">rdacontent</subfield>
  </datafield>
  <datafield tag="337" ind1=" " ind2=" ">
    <subfield code="a">computer</subfield>
    <subfield code="b">c</subfield>
    <subfield code="2">rdamedia</subfield>
  </datafield>
  <datafield tag="520" ind1=" " ind2=" ">
    <subfield code="a">Esta segunda edici&#xF3;n est&#xE1; enriquecida con 14 a&#xF1;os de experiencia en la academia y con el fortalecimiento de temas como el m&#xE1;s amplio marco legal y regulatorio, la aparici&#xF3;n de nuevos instrumentos financieros, el impacto de los cambios tecnol&#xF3;gicos en el funcionamiento y apreciaci&#xF3;n de las instituciones financieras. El cambio ha sido vertiginoso, por lo que esta nueva edici&#xF3;n propone muchos nuevos conceptos, instrumentos, instituciones financieras que no exist&#xED;an en la primera edici&#xF3;n. No se pretend&#xED;a presentar &#xFA;nicamente una actualizaci&#xF3;n te&#xF3;rica de las entidades financieras y su funcionamiento, sino de los cuestionamientos, retos y perspectivas de este nuevo y cambiante sistema financiero mexicano. Con las estrategias educativas m&#xE1;s actuales, se dise&#xF1;&#xF3; el libro proponiendo la reflexi&#xF3;n &#xE9;tica, ciudadana y sustentable en todos los cap&#xED;tulos, con el fin de sensibilizar en el alumno la importancia de manejar con talento los instrumentos financieros para evitar riesgos innecesarios, apoyar el desarrollo de las peque&#xF1;as y medianas empresas, impulsar proyectos que protejan el ambiente a trav&#xE9;s de los financiamientos de organismos internacionales que busquen los objetivos de disminuci&#xF3;n de emisiones contaminantes, promover una vivienda digna para todos los mexicanos, incluir en el proceso de inversi&#xF3;n a los peque&#xF1;os y medianos inversionistas, fomentar el ahorro y la planeaci&#xF3;n de las pensiones para el futuro de los trabajadores, as&#xED; como buscar no s&#xF3;lo la inclusi&#xF3;n financiera sino el comportamiento &#xE9;tico y responsable en el escenario de las finanzas. Con las m&#xE1;s novedosas estrategias educativas, trabaj&#xE9; con gran cari&#xF1;o con el equipo editorial de McGraw-Hill Education, para presentar en cada cap&#xED;tulo los conceptos en forma sencilla, con un resumen al final de cada secci&#xF3;n, con la definici&#xF3;n de los conceptos m&#xE1;s importantes que debe tener el alumno y una lista de preguntas que le permitan repasar los conceptos que hayan sido tratados. Al final de algunos cap&#xED;tulos se presentan casos de estudio que estimular&#xE1;n al alumno a investigar y adentrarse m&#xE1;s en el funcionamiento pr&#xE1;ctico de las instituciones financieras de M&#xE9;xico. La estrategia did&#xE1;ctica se apoya sin duda en las mejoras tecnol&#xF3;gicas del momento.</subfield>
  </datafield>
  <datafield tag="856" ind1="4" ind2="0">
    <subfield code="u">https://resolver.vitalsource.com/9781456225308</subfield>
  </datafield>
  <datafield tag="942" ind1=" " ind2=" ">
    <subfield code="c">RAA</subfield>
  </datafield>
  <datafield tag="952" ind1=" " ind2=" ">
    <subfield code="0">0</subfield>
    <subfield code="1">0</subfield>
    <subfield code="4">0</subfield>
    <subfield code="7">0</subfield>
    <subfield code="8">MGH</subfield>
    <subfield code="a">BD-UIN</subfield>
    <subfield code="b">BD-UIN</subfield>
    <subfield code="d">2025-04-25</subfield>
    <subfield code="l">0</subfield>
    <subfield code="r">2025-04-25</subfield>
    <subfield code="w">2025-04-25</subfield>
    <subfield code="y">RAA</subfield>
  </datafield>
  <datafield tag="999" ind1=" " ind2=" ">
    <subfield code="c">228995</subfield>
    <subfield code="d">228995</subfield>
  </datafield>
</record>
